Đang tải...

An introduction to inertial confinement fusion

Chi tiết về thư mục
Tác giả chính: Pfalzner, S; Author
Định dạng: Printed Book
Được phát hành: London, Taylor & Francis 2006
Loạt:Series in plasma physics
Những chủ đề:
LEADER 006760000a22002170004500
020 |a 0-7503-0701-3 
082 |a 539.764 P6 
100 |a Pfalzner, S; Author 
245 |a An introduction to inertial confinement fusion 
250
260 |a London, Taylor & Francis  |e 2006 
260 |c 2006 
460 |a 232p 
465 |a GBP79.99 
490 |a Series in plasma physics 
500 |a Includes appendix, bibliographical references and index 
500 |a S Pfalzner 
650 |a Pellet fusion 
942 |c BK 
999 |c 42998  |d 42998 
952 |0 0  |1 0  |4 0  |6 539_764000000000000_P6  |7 0  |8 ENG  |9 43637  |a MGUL  |b MGUL  |d 2013-07-16  |e GBP79.99  |l 0  |o 539.764 P6  |p 41456  |r 2013-07-16  |w 2013-07-16  |y BK